[Event "Krakow op 20th"]
[Site "Krakow"]
[Date "2010.01.02"]
[Round "7"]
[White "Baumann, Dariusz"]
[Black "Shilov, Sergej"]
[Result "1-0"]
[WhiteElo "2106"]
[BlackElo "2272"]
[PlyCount "105"]
[EventDate "2009.12.27"]
[EventType "swiss"]
[EventRounds "9"]
[EventCountry "POL"]
[SourceTitle "CBM 134 Extra"]
[Source "ChessBase"]
[SourceDate "2010.03.03"]
[SourceVersion "1"]
[SourceVersionDate "2010.03.03"]
[SourceQuality "1"]

1. d4 Nf6 2. c4 c5 3. d5 e6 4. Nc3 exd5 5. cxd5 d6 6. e4 g6 7. h3 Bg7 8. Nf3 0-0 9. Bd3 b5 10. Bxb5 Nxe4 11. Nxe4 Qa5+ 12. Nfd2 Qxb5 13. Nxd6 Qa6 14. N2c4 Nd7 15. 0-0 Nb6 16. Nxb6 axb6 17. Nxc8 Raxc8 18. Bg5 f6 19. Bf4 Qc4 20. Qf3 f5 21. b3 Qe4 22. Rad1 Rfe8 23. d6 Qxf3 24. gxf3 Red8 25. d7 Rc6 26. Bg5 Bf6 27. Bxf6 Rxf6 28. Rd5 Kf7 29. Rfd1 Ke7 30. f4 Re6 31. Kg2 Re4 32. Kf3 Re6 33. a4 Rc6 34. R1d3 c4 35. Re3+ Kf7 36. Rc3 Ke6 37. Rd4 Rc5 38. Rcxc4 Rxc4 39. bxc4 Rxd7 40. Rxd7 Kxd7 41. Ke3 Kd6 42. Kd4 Kc6 43. h4 Kd6 44. f3 Kc6 45. Ke5 Kc5 46. Kf6 Kb4 47. Kg7 h5 48. Kxg6 Kxa4 49. Kxh5 Kb3 50. Kg6 Kxc4 51. h5 b5 52. h6 b4 53. h7 1-0

[Event "Krakow op 20th"]
[Site "Krakow"]
[Date "2010.01.02"]
[Round "6"]
[White "Baumann, Dariusz"]
[Black "Veltkamp, Gerben"]
[Result "0-1"]
[WhiteElo "2106"]
[BlackElo "2183"]
[PlyCount "126"]
[EventDate "2009.12.27"]
[EventType "swiss"]
[EventRounds "9"]
[EventCountry "POL"]
[SourceTitle "CBM 134 Extra"]
[Source "ChessBase"]
[SourceDate "2010.03.03"]
[SourceVersion "1"]
[SourceVersionDate "2010.03.03"]
[SourceQuality "1"]

1. d4 d5 2. c4 c6 3. Nf3 Nf6 4. Nc3 a6 5. c5 Nbd7 6. Bf4 Nh5 7. e3 g6 8. b4 Bg7 9. Be2 0-0 10. 0-0 f6 11. Bg3 Nxg3 12. hxg3 f5 13. Ng5 Nf6 14. f4 Ng4 15. Qd2 e5 16. Nf3 exd4 17. exd4 Be6 18. Ne5 Qc7 19. Bxg4 fxg4 20. Rfe1 Rae8 21. Re3 Bf6 22. Rae1 Qg7 23. a4 Bf5 24. b5 axb5 25. axb5 Re6 26. Ra1 g5 27. Ra7 Qh6 28. Ne2 cxb5 29. Qa2 gxf4 30. gxf4 Bxe5 31. Rxe5 Rxe5 32. dxe5 Be4 33. Qb3 Qc6 34. Qc3 b6 35. cxb6 Qxb6+ 36. Qd4 Qxd4+ 37. Nxd4 Rxf4 38. Nxb5 Bd3 39. Nd6 g3 40. Ra8+ Kg7 41. Ra1 Rf2 42. Re1 Be2 43. Ne8+ Kf7 44. Nf6 Ke6 45. Nxh7 Kxe5 46. Ng5 Kd4 47. Ne6+ Ke3 48. Ra1 d4 49. Nc5 Rf5 50. Rc1 d3 51. Nb3 Rb5 52. Rb1 Rf5 53. Re1 d2 54. Nxd2 Kxd2 55. Ra1 Bd3 56. Ra2+ Ke3 57. Ra1 Rf2 58. Re1+ Kf4 59. Kh1 Be4 60. Kg1 Rxg2+ 61. Kf1 Rf2+ 62. Kg1 Rh2 63. Kf1 Bf3 0-1

[Event "Krakow op 20th"]
[Site "Krakow"]
[Date "2009.12.30"]
[Round "4"]
[White "Baumann, Dariusz"]
[Black "Rudolf, Michal"]
[Result "0-1"]
[WhiteElo "2106"]
[BlackElo "2383"]
[PlyCount "92"]
[EventDate "2009.12.27"]
[EventType "swiss"]
[EventRounds "9"]
[EventCountry "POL"]
[SourceTitle "CBM 134 Extra"]
[Source "ChessBase"]
[SourceDate "2010.03.03"]
[SourceVersion "1"]
[SourceVersionDate "2010.03.03"]
[SourceQuality "1"]

1. d4 Nf6 2. c4 e6 3. g3 Bb4+ 4. Bd2 Qe7 5. Bg2 0-0 6. Nf3 Bxd2+ 7. Qxd2 Ne4 8. Qc2 Qb4+ 9. Nbd2 Nxd2 10. Nxd2 Nc6 11. e3 Qe7 12. 0-0 d6 13. f4 a5 14. Qc3 Bd7 15. b3 b6 16. a3 Rae8 17. b4 e5 18. d5 axb4 19. axb4 Nb8 20. f5 Bc8 21. Ra7 Qd8 22. Ne4 Nd7 23. c5 bxc5 24. bxc5 dxc5 25. Qa5 Nf6 26. Qxc5 Nxd5 27. Rd1 c6 28. g4 Qb6 29. Rxd5 Qb1+ 30. Kf2 cxd5 31. Nd6 Rd8 32. Bxd5 Qb2+ 33. Kg3 Qd2 34. Bxf7+ Kh8 35. Bd5 Ba6 36. Qc7 Qxe3+ 37. Bf3 Qe1+ 38. Kh3 Bf1+ 39. Bg2 Qe3+ 40. Kh4 Qf2+ 41. Kh5 g6+ 42. Kg5 Qf4+ 43. Kh4 Qxh2+ 44. Kg5 Qf4+ 45. Kh4 g5+ 46. Kh3 Qf3+ 0-1

[Event "Krakow op 20th"]
[Site "Krakow"]
[Date "2009.12.28"]
[Round "2"]
[White "Baumann, Dariusz"]
[Black "Vlcek, Stanislav"]
[Result "1/2-1/2"]
[WhiteElo "2106"]
[BlackElo "2286"]
[PlyCount "81"]
[EventDate "2009.12.27"]
[EventType "swiss"]
[EventRounds "9"]
[EventCountry "POL"]
[SourceTitle "CBM 134 Extra"]
[Source "ChessBase"]
[SourceDate "2010.03.03"]
[SourceVersion "1"]
[SourceVersionDate "2010.03.03"]
[SourceQuality "1"]

1. d4 Nf6 2. c4 g6 3. Nc3 Bg7 4. e4 d6 5. Nf3 0-0 6. h3 e5 7. d5 Na6 8. Bg5 h6 9. Be3 Nc5 10. Nd2 a5 11. g4 c6 12. Be2 Bd7 13. h4 Nh7 14. Qc2 Rc8 15. Nf1 cxd5 16. Nxd5 Ba4 17. b3 Bc6 18. Ng3 Ne6 19. Qd2 Bxd5 20. exd5 Nf4 21. Kf1 f5 22. gxf5 gxf5 23. Bd1 a4 24. Bc2 Qd7 25. Re1 axb3 26. axb3 Ng2 27. Kxg2 f4 28. Qd3 Nf6 29. Qg6 fxe3 30. Bf5 Qe8 31. Be6+ Kh8 32. Qxe8 Rcxe8 33. Rxe3 Ra8 34. Rf1 Ne8 35. Ne4 Rf4 36. h5 Bf8 37. Rfe1 Ng7 38. Rg3 Kh7 39. Ree3 Be7 40. Rh3 Ra2 41. Rh1 1/2-1/2

[Event "Warsaw AIG Life rapid 9th"]
[Site "Warsaw"]
[Date "2009.12.19"]
[Round "2"]
[White "Urban, Klaudiusz"]
[Black "Baumann, Dariusz"]
[Result "1-0"]
[WhiteElo "2478"]
[BlackElo "2085"]
[PlyCount "88"]
[EventDate "2009.12.19"]
[EventType "swiss (rapid)"]
[EventRounds "13"]
[EventCountry "POL"]
[SourceTitle "CBM 133 Extra"]
[Source "ChessBase"]
[SourceDate "2010.01.05"]
[SourceVersion "1"]
[SourceVersionDate "2010.01.05"]
[SourceQuality "1"]

1. d4 Nf6 2. c4 e6 3. g3 d5 4. Nf3 Be7 5. Bg2 0-0 6. 0-0 dxc4 7. Qc2 a6 8. a4 Bd7 9. Rd1 Bc6 10. Nc3 Bb4 11. Bg5 Bxc3 12. Bxf6 Qxf6 13. bxc3 b5 14. Rdb1 Qf5 15. Qxf5 exf5 16. axb5 axb5 17. Rxa8 Bxa8 18. Rxb5 g6 19. Ne5 Bxg2 20. Kxg2 f6 21. Nxc4 Nd7 22. Rb7 Rc8 23. Ne3 Nb6 24. c4 Kf7 25. c5 Na8 26. Nc2 h5 27. Kf3 Ke6 28. Nb4 c6 29. e3 g5 30. Ra7 g4+ 31. Kg2 Nc7 32. Nxc6 Nd5 33. Ra6 Kf7 34. h4 Nc3 35. Kf1 Re8 36. Ra3 Nd5 37. Ra7+ Ke6 38. Ra6 Kd7 39. Na5 Kc7 40. Rd6 Nc3 41. Rxf6 Ra8 42. Rf7+ Kb8 43. Rf8+ Ka7 44. Nc6+ Kb7 1-0

[Event "LSS RA-2009-0-00072"]
[Site "LSS email"]
[Date "2009.12.10"]
[Round "?"]
[White "Baumann, Dariusz"]
[Black "Jimenez, Joaquin Rodrigo"]
[Result "0-1"]
[WhiteElo "1990"]
[BlackElo "2094"]
[PlyCount "38"]
[EventDate "2009.11.11"]
[EventType "tourn (corr)"]
[EventRounds "6"]
[EventCountry "GER"]
[SourceTitle "Telechess CBM 137"]
[Source "ChessBase"]
[SourceDate "2010.07.15"]
[SourceVersion "1"]
[SourceVersionDate "2010.07.15"]
[SourceQuality "1"]

1. d4 Nf6 2. c4 e6 3. Nf3 Bb4+ 4. Bd2 Qe7 5. g3 Nc6 6. Nc3 Bxc3 7. Bxc3 Ne4 8. Rc1 0-0 9. Bg2 a5 10. 0-0 Nxc3 11. Rxc3 d6 12. d5 Nb4 13. a3 Na6 14. dxe6 fxe6 15. Re3 Nc5 16. Nd2 a4 17. Ne4 Nxe4 18. Bxe4 Ra5 19. Qc2 g6 0-1

[Event "LSS RA-2009-0-00072"]
[Site "LSS email"]
[Date "2009.12.07"]
[Round "?"]
[White "Grego, Luis Jose Gonzaga"]
[Black "Baumann, Dariusz"]
[Result "1-0"]
[WhiteElo "1919"]
[BlackElo "1808"]
[PlyCount "53"]
[EventDate "2009.11.11"]
[EventType "tourn (corr)"]
[EventRounds "6"]
[EventCountry "GER"]
[SourceTitle "Telechess CBM 137"]
[Source "ChessBase"]
[SourceDate "2010.07.15"]
[SourceVersion "1"]
[SourceVersionDate "2010.07.15"]
[SourceQuality "1"]

1. d4 d5 2. c4 c6 3. Nc3 Nf6 4. cxd5 cxd5 5. f3 Nc6 6. e4 dxe4 7. d5 Ne5 8. fxe4 e6 9. Nf3 Nxf3+ 10. Qxf3 exd5 11. e5 Ne4 12. Bb5+ Bd7 13. Rf1 f6 14. exf6 Nxf6 15. Qe2+ Qe7 16. Bxd7+ Kxd7 17. Be3 Re8 18. Rf3 Kc8 19. 0-0-0 Qc7 20. Kb1 Bc5 21. Nb5 Qb6 22. Rc1 Kb8 23. Bf4+ Ka8 24. Nc7+ Qxc7 25. Qxe8+ Rxe8 26. Bxc7 b6 27. a3 1-0